[Event "Deltalift Open 2014"]
[Site "Tylosand"]
[Date "2014.05.30"]
[Round "6.3"]
[White "Brynell, Stellan"]
[Black "Johansson, Linus"]
[Result "1-0"]
[WhiteElo "2460"]
[BlackElo "2338"]

1.d4 Nf6 2.c4 e6 3.Nc3 Bb4 4.Qc2 d5 5.Nf3 O-O 6.cxd5 exd5 7.Bg5 c6 8.e3 
Nbd7 9.Bd3 h6 10.Bh4 a5 11.O-O Re8 12.a3 Bd6 13.Rab1 Qe7 14.e4 g5 15.e5 
gxh4 16.exd6 Qxd6 17.Nxh4 Nf8 18.Ne2 Ne6 19.Nf5 Qf8 20.Rfe1 Ng5 21.Neg3 
Bxf5 22.Nxf5 Re6 23.f3 Ne8 24.h4 Nh7 25.Qd2 Rf6 26.Re5 Nd6 27.Ng3 Re6 28.
Rbe1 Ree8 29.Qf4 f6 30.Re6 Rxe6 31.Rxe6 Rd8 32.Bxh7+ Kxh7 33.Rxf6 1-0

[Event "Deltalift Open 2014"]
[Site "Tylosand"]
[Date "2014.05.30"]
[Round "6.4"]
[White "Sjodahl, Pontus"]
[Black "Haugli, Petter"]
[Result "1-0"]
[WhiteElo "2433"]
[BlackElo "2292"]

1.d4 Nf6 2.c4 c5 3.d5 b5 4.cxb5 a6 5.e3 axb5 6.Bxb5 Qa5+ 7.Nc3 Bb7 8.e4 
Nxe4 9.Ne2 Nd6 10.Ba4 g6 11.O-O Bg7 12.Bg5 h6 13.Bf4 O-O 14.Bxd6 exd6 15.
f4 f5 16.Bb5 Rf7 17.a4 Na6 18.Bc4 Qd8 19.Nb5 Qf6 20.Nec3 Re7 21.Re1 Rae8 
22.Qd2 Kf8 23.g3 Nb4 24.Kf2 Ba6 25.Rxe7 Rxe7 26.Re1 Rxe1 27.Kxe1 Qe7+ 28.
Kf2 Bb7 29.Qe2 Qxe2+ 30.Kxe2 Ke7 31.h3 h5 32.Kf3 Ba6 33.Ke2 Bf6 34.Ke3 
Nc2+ 35.Kf2 Nb4 36.Kf3 Bg7 37.g4 hxg4+ 38.hxg4 Bf6 39.gxf5 gxf5 40.Nd1 Nc2
41.b3 Bxb5 42.Bxb5 Nd4+ 43.Kg3 Nxb5 44.axb5 Bd4 45.Kh4 Kd8 46.Kg5 Kc7 47.
Kxf5 Kb6 48.Kg6 Kxb5 49.f5 c4 50.bxc4+ Kxc4 51.Ne3+ Kd3 52.Ng4 1-0

[Event "Deltalift Open 2014"]
[Site "Tylosand"]
[Date "2014.05.30"]
[Round "6.5"]
[White "Ziegler, Ari"]
[Black "Rydstrom, Tom"]
[Result "1/2-1/2"]
[WhiteElo "2330"]
[BlackElo "2190"]

1.d4 d5 2.c4 c6 3.Nc3 Nf6 4.e3 e6 5.Nf3 Nbd7 6.Bd3 dxc4 7.Bxc4 b5 8.Bd3 a6
9.a4 b4 10.Ne4 c5 11.O-O Bb7 12.Nxf6+ Nxf6 13.dxc5 Bxc5 14.Qe2 O-O 15.e4 
a5 16.Bg5 Be7 17.Rfd1 Qb6 18.e5 Bxf3 19.Qxf3 Nd5 20.Bxe7 Nxe7 21.h4 Rad8 
22.h5 Rd4 23.h6 Ng6 24.Re1 Qd8 25.Rad1 gxh6 26.Qe3 Kg7 27.g3 Rd5 28.f4 Qe7
29.Kf2 Rfd8 30.Ke2 Qc5 31.Qxc5 Rxc5 32.Be4 Rxd1 33.Rxd1 h5 34.Kf3 Rc4 35.
Bd3 Rc7 36.Rh1 Rd7 37.Ke3 h4 38.Bxg6 hxg6 39.gxh4 Rd5 40.Rc1 Kf8 41.Rc7 
Ke8 42.Ra7 Kf8 43.b3 Ke8 44.Ke4 Kf8 45.Rb7 Ke8 46.Rb5 Rxb5 47.axb5 Kd7 48.
Kd4 Kc7 49.Kc5 Kb7 50.b6 a4 51.Kxb4 axb3 52.Kxb3 Kxb6 53.Kb4 Kc6 54.Kc4 
Kd7 55.Kb5 Kd8 56.Kc6 Kc8 57.Kc5 Kc7 58.Kd4 Kd7 59.Ke3 Ke7 60.Kf3 Kf8 61.
Kg4 Kg8 62.h5 1/2-1/2

[Event "Deltalift Open 2014"]
[Site "Tylosand"]
[Date "2014.05.30"]
[Round "6.7"]
[White "Hector, Jonny"]
[Black "Reimanis, Ritvars"]
[Result "1-0"]
[WhiteElo "2511"]
[BlackElo "2206"]

1.d4 Nf6 2.Nc3 d5 3.Bg5 e6 4.e4 dxe4 5.Nxe4 Nbd7 6.Nf3 Be7 7.Nxf6+ Bxf6 8.
h4 h6 9.Bxf6 Qxf6 10.Qd2 O-O 11.Qe3 c5 12.O-O-O cxd4 13.Rxd4 Nb6 14.Bd3 
Rd8 15.Rxd8+ Qxd8 16.Rd1 Qf6 17.Qe4 e5 18.Qxe5 Qxe5 19.Nxe5 Be6 20.b3 Re8 
21.Bb5 Re7 22.Rd8+ Kh7 23.Bd3+ g6 24.h5 Bf5 25.hxg6+ fxg6 26.Bxf5 Rxe5 27.
Bd3 1-0

[Event "Deltalift Open 2014"]
[Site "Tylosand"]
[Date "2014.05.30"]
[Round "6.8"]
[White "Kantans, Toms"]
[Black "Wengholm, Anders"]
[Result "1-0"]
[WhiteElo "2440"]
[BlackElo "2177"]

1.e4 c5 2.Nf3 e6 3.g3 Nc6 4.Bg2 g6 5.d4 cxd4 6.Nxd4 a6 7.Nc3 Bg7 8.Nb3 
Nge7 9.a4 O-O 10.O-O f5 11.a5 b6 12.axb6 Qxb6 13.Be3 Qd8 14.exf5 gxf5 15.
Bg5 Bf6 16.Bxf6 Rxf6 17.Qd6 Kg7 18.Rfd1 e5 19.Qd2 d6 20.Na5 Bd7 21.Nxc6 
Nxc6 22.Nd5 Rg6 23.b4 h5 24.b5 axb5 25.Rxa8 Qxa8 26.Ne7 Rf6 27.Qg5+ Kf7 
28.Bd5+ 1-0

[Event "Deltalift Open 2014"]
[Site "Tylosand"]
[Date "2014.05.30"]
[Round "6.9"]
[White "Kumar, Rahul"]
[Black "Frisk Kockum, Anton"]
[Result "0-1"]
[WhiteElo "2169"]
[BlackElo "2326"]

1.e4 c5 2.Nf3 Nc6 3.c3 d5 4.e5 Bg4 5.Bb5 Qb6 6.Bxc6+ Qxc6 7.d4 Bxf3 8.gxf3
e6 9.Bg5 Ne7 10.Bxe7 Bxe7 11.O-O O-O 12.f4 f6 13.Qg4 fxe5 14.fxe5 Rf5 15.
Kh1 Raf8 16.Nd2 cxd4 17.cxd4 Rf4 18.Qh3 Rxd4 19.Rac1 Qb6 20.Rc2 Rdf4 21.
Nb3 d4 22.Qd3 Qd8 23.Qc4 Qd7 24.Rd1 Rd8 25.f3 Qd5 26.Qxd5 Rxd5 27.Rc8+ Kf7
28.Kg2 Rxe5 29.Kg3 Bd6 30.Kf2 Rh5 31.Kg2 Rfh4 32.h3 Rxh3 33.Rxd4 Rh2+ 34.
Kf1 Rxb2 35.Nd2 Rh1+ 36.Ke2 Rh2+ 37.Ke3 Rbxd2 38.Rxd2 Bf4+ 39.Kxf4 Rxd2 
40.Rc7+ Kf6 41.Rxb7 Rxa2 42.Kg4 a5 43.Ra7 a4 44.Kf4 a3 45.Kg3 Ra1 46.Kf2 
h5 47.f4 a2 48.Kg2 Kf5 49.Rf7+ Ke4 50.Ra7 Kxf4 51.Ra4+ Kf5 52.Kh2 e5 53.
Ra7 g5 54.Rf7+ Ke4 55.Ra7 h4 56.Ra3 g4 57.Ra4+ Kf5 58.Ra8 g3+ 0-1

[Event "Deltalift Open 2014"]
[Site "Tylosand"]
[Date "2014.05.30"]
[Round "6.10"]
[White "Ronneland, Daniel"]
[Black "Kristensen, Kaare Hove"]
[Result "0-1"]
[WhiteElo "2231"]
[BlackElo "2350"]

1.d4 d5 2.c4 e6 3.Nc3 c6 4.Nf3 Nf6 5.e3 Nbd7 6.Bd3 dxc4 7.Bxc4 b5 8.Bd3 a6
9.O-O c5 10.a4 b4 11.Ne4 Bb7 12.Ng3 Be7 13.Qe2 O-O 14.a5 Re8 15.Rd1 cxd4 
16.exd4 Bd6 17.Ne5 Qc7 18.Bf4 Bxe5 19.Bxe5 Qc6 20.f3 Rac8 21.Kh1 Red8 22.
Ne4 Nxe5 23.Nxf6+ gxf6 24.dxe5 f5 25.Qe3 Kh8 26.Qh6 Rd5 27.Rdc1 Rxa5 28.
Qf6+ Kg8 29.h4 Rxa1 30.Rxa1 Qd5 31.Be2 Qd2 32.Rd1 Rc1 33.Rxc1 Qxc1+ 34.Kh2
Qd2 35.h5 h6 36.Qh4 a5 37.Qg3+ Qg5 38.Qxg5+ hxg5 39.Bb5 Bd5 40.Ba4 Kg7 41.
Kg3 Kh6 42.Kf2 Kxh5 43.g3 f4 44.g4+ Kg6 45.Ke2 f6 46.exf6 Kxf6 47.Bd1 Bc4+
48.Kd2 Ke5 49.Bc2 Kd4 50.Bd1 Bb5 51.b3 Bc6 0-1

[Event "Deltalift Open 2014"]
[Site "Tylosand"]
[Date "2014.05.30"]
[Round "6.14"]
[White "Rosberg, Simon"]
[Black "Harren, Mats"]
[Result "1/2-1/2"]
[WhiteElo "2255"]
[BlackElo "2033"]

1.Nf3 Nf6 2.c4 e6 3.g3 b6 4.Bg2 Bb7 5.O-O Be7 6.d4 O-O 7.Re1 d5 8.Ne5 Nbd7
9.Nc3 a6 10.Bf4 Ne4 11.cxd5 Nxc3 12.bxc3 Nxe5 13.Bxe5 exd5 14.Qb3 b5 15.a4
Qd7 16.Ra2 Bc6 17.a5 Rad8 18.e4 dxe4 19.Bxe4 Bxe4 20.Rxe4 c5 21.Rae2 c4 
22.Qb1 Bd6 23.Bxd6 Qxd6 24.Re7 Qa3 25.Qe1 Qxa5 26.Ra7 Qb6 27.Ree7 Qc6 28.
Qa1 Rd6 29.Rec7 Qf3 30.Rxa6 Rxa6 31.Qxa6 Qxc3 32.Qxb5 Qe1+ 33.Kg2 Qe4+ 
1/2-1/2

[Event "Deltalift Open 2014"]
[Site "Tylosand"]
[Date "2014.05.30"]
[Round "6.16"]
[White "Nygren, Kim"]
[Black "Grimsholm, Ola"]
[Result "1-0"]
[WhiteElo "2209"]
[BlackElo "2098"]

1.e4 c5 2.Nf3 d6 3.d4 cxd4 4.Nxd4 Nf6 5.Nc3 a6 6.Rg1 e5 7.Nb3 h5 8.Bg5 Be6
9.Qd2 b5 10.Bd3 Nbd7 11.O-O-O Qc7 12.f4 Be7 13.Nd5 Nxd5 14.exd5 Bxg5 15.
fxg5 Bg4 16.Rde1 Nb6 17.Kb1 Nc4 18.Qf2 O-O 19.h3 Bd7 20.Qh4 a5 21.Qxh5 g6 
22.Bxg6 fxg6 23.Qxg6+ Kh8 24.Rgf1 a4 25.Rf6 Bf5 26.Qxf5 Rxf6 27.Qxf6+ Kg8 
28.Nd4 a3 29.Nf5 Nd2+ 30.Kc1 axb2+ 31.Kxd2 Qa5+ 32.Kd3 1-0

[Event "Harplinge Mini Open 2014"]
[Site "Tylosand"]
[Date "2014.05.30"]
[Round "6.18"]
[White "Ng, Agnes"]
[Black "Jonsson, Jacob"]
[Result "1/2-1/2"]
[WhiteElo "1317"]
[BlackElo "1420"]

1.e4 c5 2.Nf3 Nc6 3.Bb5 Qc7 4.Nc3 g6 5.O-O Bg7 6.Bxc6 Qxc6 7.d4 d6 8.d5 
Qc7 9.Bf4 Bg4 10.Qe2 Bxf3 11.Qxf3 Nf6 12.Qe3 Ng4 13.Qd2 O-O 14.f3 Ne5 15.
Bh6 Nc4 16.Qf4 Bxh6 17.Qxh6 Nxb2 18.f4 Qa5 19.Ne2 Qd2 20.Ng3 Qd4+ 21.Kh1 
Nc4 22.Rab1 b6 23.f5 Qg7 24.Qg5 Rfd8 25.fxg6 Qxg6 26.Qxe7 Nd2 27.Rf6 Nxb1 
28.Rxg6+ hxg6 29.h4 Na3 30.h5 Nc4 31.hxg6 fxg6 32.Qe6+ Kg7 33.Qe7+ Kg8 34.
Qe6+ Kg7 35.Qe7+ Kg8 36.Qe6+ Kg7 1/2-1/2

[Event "Deltalift Open 2014"]
[Site "Tylosand"]
[Date "2014.05.31"]
[Round "7.1"]
[White "Berg, Emanuel"]
[Black "Bellon, Juan"]
[Result "1-0"]
[WhiteElo "2547"]
[BlackElo "2402"]

1.e4 c5 2.Nf3 e6 3.d4 cxd4 4.Nxd4 Nc6 5.Nc3 Qc7 6.Be3 a6 7.Qd2 Nf6 8.O-O-O
Bb4 9.f3 Ne5 10.Nb3 O-O 11.Kb1 d5 12.Bf4 dxe4 13.Qd4 Bxc3 14.bxc3 Nfd7 15.
Qxe4 Qxc3 16.Rd4 f6 17.Bd3 g6 18.h4 Qc6 19.Qe3 Qb6 20.h5 Nxd3 21.hxg6 e5 
22.Rxh7 Nxf4 23.Rdxd7 Bxd7 24.Qxb6 Bc6 25.Qc7 Ne6 26.Rh8+ Kxh8 27.Qh7# 1-0

[Event "Deltalift Open 2014"]
[Site "Tylosand"]
[Date "2014.05.31"]
[Round "7.3"]
[White "Sjodahl, Pontus"]
[Black "Brynell, Stellan"]
[Result "1/2-1/2"]
[WhiteElo "2433"]
[BlackElo "2460"]

1.d4 e6 2.c4 Nf6 3.Nc3 Bb4 4.e3 O-O 5.Ne2 c6 6.a3 Ba5 7.Ng3 d5 8.Qc2 Nbd7 
9.Be2 dxc4 10.Bxc4 e5 11.O-O exd4 12.exd4 Bc7 13.Ba2 Nb6 14.Bg5 Qd6 15.
Rad1 Nbd5 16.Rfe1 Be6 17.Bxf6 Nxf6 18.Bxe6 fxe6 19.Qb3 Rae8 20.Qxb7 Rb8 
21.Qxa7 Rxb2 22.Qa6 Rb3 23.Qc4 Rxa3 24.Nb1 Ra1 25.Rxe6 Qd5 26.Rxc6 Rb8 27.
Rxc7 Rbxb1 28.Rxb1 Rxb1+ 29.Nf1 Rd1 30.Rc8+ Kf7 31.Qc7+ Qd7 32.Qc4+ Qd5 
33.Rc7+ Kg8 34.Qb4 h6 35.Qe7 Qg5 36.Qe3 Qxe3 37.fxe3 Nd5 38.Rc8+ Kf7 39.
Kf2 Nf6 40.Ke2 Ra1 41.Rc2 Nd5 42.Nd2 Rg1 43.e4 Nf4+ 44.Kf3 g5 45.g3 Ne6 
46.d5 Nd4+ 47.Kf2 Ra1 48.Rc4 Nb5 49.Rc5 Nd6 50.e5 Nf5 51.g4 Nh4 52.Rc7+ 
Kg6 53.Nc4 Ra2+ 54.Ke3 Ng2+ 55.Kd4 Nf4 56.e6 Ra4 57.Rc8 Kf6 58.Rf8+ Ke7 
59.Rf7+ Ke8 60.Kc5 Nd3+ 61.Kd6 Rxc4 62.Rh7 Rf4 63.Ra7 Kf8 64.Ra3 Nf2 65.
Ra8+ Kg7 66.e7 Ne4+ 67.Kc6 Nf6 68.d6 Rc4+ 69.Kb5 Rd4 70.Kc5 Re4 71.Kc6 
Rc4+ 72.Kb5 Rd4 73.Rd8 Re4 74.Rf8 Re5+ 75.Kc6 Re6 76.Kc7 Kg6 77.Kb8 Kg7 
78.Kc8 Rxd6 79.Rxf6 Rxf6 80.e8=Q Rf8 81.Kd7 Rxe8 82.Kxe8 Kg6 83.Ke7 h5 84.
gxh5+ Kxh5 85.Kf6 Kh4 86.h3 Kxh3 87.Kxg5 1/2-1/2

[Event "Deltalift Open 2014"]
[Site "Tylosand"]
[Date "2014.05.31"]
[Round "7.4"]
[White "Kristensen, Kaare Hove"]
[Black "Hector, Jonny"]
[Result "0-1"]
[WhiteElo "2350"]
[BlackElo "2511"]

1.c4 e5 2.Nc3 Bb4 3.Nd5 Be7 4.d4 d6 5.Nf3 e4 6.Nd2 f5 7.Nxe7 Qxe7 8.e3 Nf6
9.Be2 Be6 10.Qb3 c5 11.d5 Bf7 12.Qb5+ Nbd7 13.Qxb7 O-O 14.Qb3 Bh5 15.Bxh5 
Nxh5 16.O-O Ne5 17.Qc3 Rf6 18.f4 Nd3 19.Rd1 g5 20.Nf1 gxf4 21.exf4 Nhxf4 
22.Bxf4 Nxf4 23.Ng3 Nd3 24.Rxd3 exd3 25.Re1 Qf7 26.Nh5 Rg6 27.Qxd3 Re8 28.
Rf1 Re5 29.Nf4 Rf6 30.Rf3 Qb7 31.Rg3+ Kh8 32.Qc3 Qb4 33.Qxb4 cxb4 34.Nd3 
Re2 35.Kf1 Rc2 36.b3 a5 37.Re3 Rxa2 38.Nf4 Kg8 39.Re7 Rf7 40.Re8+ Rf8 41.
Re3 Rb8 42.Ne6 a4 43.c5 dxc5 44.Nxc5 a3 45.d6 Ra1+ 46.Kf2 a2 47.d7 Kf7 48.
Nb7 Rd1 49.d8=Q Rbxd8 50.Nxd8+ Rxd8 51.Re1 Rd2+ 52.Kf3 Rd3+ 0-1

[Event "Deltalift Open 2014"]
[Site "Tylosand"]
[Date "2014.05.31"]
[Round "7.5"]
[White "Nilsson, Anders"]
[Black "Cramling, Pia"]
[Result "1/2-1/2"]
[WhiteElo "2214"]
[BlackElo "2507"]

1.e4 c5 2.Nc3 Nc6 3.f4 e6 4.Nf3 d5 5.Bb5 Ne7 6.exd5 exd5 7.Qe2 Qd6 8.d4 
cxd4 9.Nxd4 g6 10.Be3 Bg7 11.Rd1 O-O 12.O-O Nxd4 13.Bxd4 Bxd4+ 14.Rxd4 Qb6
15.Qf2 a6 16.Bd3 Nc6 17.Rxd5 Qxb2 18.Qc5 Qb4 19.f5 Rb8 20.Ne4 Qxc5+ 21.
Rxc5 Nd4 22.fxg6 hxg6 23.Rd5 Ne6 24.Bc4 b5 25.Bb3 a5 26.a4 bxa4 27.Bxa4 
Ba6 28.Ra1 Bb7 29.Re5 Bxe4 30.Rxe4 Rb4 31.Re5 Ra8 32.Bb3 Nd4 33.Rexa5 Rxa5
34.Rxa5 Nxb3 35.cxb3 Rxb3 1/2-1/2

[Event "Deltalift Open 2014"]
[Site "Tylosand"]
[Date "2014.05.31"]
[Round "7.6"]
[White "Rydstrom, Tom"]
[Black "Kantans, Toms"]
[Result "1/2-1/2"]
[WhiteElo "2190"]
[BlackElo "2440"]

1.e4 e5 2.Nf3 Nc6 3.Bb5 a6 4.Ba4 Nge7 5.O-O g6 6.c3 Bg7 7.d4 exd4 8.cxd4 
O-O 9.Nc3 d5 10.exd5 Nxd5 11.Bg5 Nxc3 12.bxc3 Qd5 13.h3 h6 14.Bf4 Qa5 15.
Rc1 Be6 16.Bb3 Bxb3 17.Qxb3 b5 18.d5 Ne7 19.Rfd1 Rfd8 20.c4 bxc4 21.Qxc4 
Nxd5 22.Bxc7 Nxc7 23.Rxd8+ Rxd8 24.Qxc7 Qxc7 25.Rxc7 Rd1+ 26.Kh2 Rd3 27.
Rc2 g5 28.Nd2 f5 29.Kg1 Bc3 30.Kf1 Rxd2 31.Rxc3 Rxa2 32.Rc7 a5 33.g3 a4 
34.Kg2 a3 35.Rc5 Rb2 36.Rxf5 a2 37.Ra5 Kf7 38.Kf3 Ke6 39.Ke3 h5 40.f4 Rb3+
41.Ke4 Rxg3 42.Rxa2 gxf4 43.Kxf4 Rxh3 44.Kg5 Ke5 1/2-1/2

[Event "Deltalift Open 2014"]
[Site "Tylosand"]
[Date "2014.05.31"]
[Round "7.7"]
[White "Johansson, Linus"]
[Black "Ziegler, Ari"]
[Result "1-0"]
[WhiteElo "2338"]
[BlackElo "2330"]

1.d4 Nf6 2.c4 g6 3.Nf3 Bg7 4.g3 O-O 5.Bg2 d6 6.O-O Nc6 7.Nc3 a6 8.Qd3 Bg4 
9.h3 Bxf3 10.Bxf3 Nd7 11.e3 e5 12.d5 Nb4 13.Qd1 Nc5 14.e4 Nbd3 15.Na4 f5 
16.Nxc5 Nxc5 17.Qc2 Qd7 18.Kg2 a5 19.Be3 Nxe4 20.Bxe4 fxe4 21.Qxe4 Qf5 22.
f3 b6 23.b3 Rf7 24.a3 Raf8 25.b4 axb4 26.axb4 h5 27.Rf2 Kh7 28.Ra7 Bh6 29.
Qxf5 gxf5 30.f4 Rg7 31.Kf3 Rfg8 32.Ke2 Re7 33.Kf3 e4+ 34.Ke2 Rxg3 35.Bxb6 
e3 36.Rf1 Rxh3 37.Rxc7 Rh2+ 38.Kf3 Rxc7 39.Bxc7 e2 40.Re1 Rh3+ 41.Kxe2 
Bxf4 42.Rb1 Re3+ 43.Kf2 Re7 44.Bd8 Re8 45.Bb6 h4 46.Bd4 h3 47.b5 Rg8 48.b6
Bg3+ 49.Kf3 Be5 50.Bf2 h2 51.b7 f4 52.Ba7 Rg3+ 53.Ke4 Rb3 54.b8=Q 1-0

[Event "Deltalift Open 2014"]
[Site "Tylosand"]
[Date "2014.05.31"]
[Round "7.8"]
[White "Frisk Kockum, Anton"]
[Black "Silseth, Simon"]
[Result "1-0"]
[WhiteElo "2326"]
[BlackElo "2317"]

1.d4 d5 2.Nf3 Nf6 3.c4 dxc4 4.e3 Bg4 5.Bxc4 e6 6.Nc3 Nbd7 7.h3 Bh5 8.g4 
Bg6 9.Nh4 Be4 10.Nxe4 Nxe4 11.Nf3 h5 12.gxh5 Rxh5 13.Nd2 Nef6 14.Be2 Rh8 
15.Bf3 c6 16.Nc4 Nb6 17.Ne5 Nbd5 18.Bd2 Nd7 19.Nxd7 Qxd7 20.Qa4 Be7 21.
O-O-O Nb6 22.Qb3 Rh4 23.Bg2 Bf6 24.f4 Rh5 25.Bc3 Nd5 26.Rd3 g6 27.Bf3 Rh4 
28.Be1 Rh8 29.Bg3 Bh4 30.Bxh4 Rxh4 31.Kb1 Ne7 32.Bg2 Rh5 33.Qa3 Rb5 34.Rc1
Nd5 35.Rc5 Nc7 36.Rxb5 Nxb5 37.Qc5 Qd6 38.Qc4 Qd7 39.Rb3 Rc8 40.Qc5 a6 41.
h4 Qe7 42.a4 Nd6 43.h5 gxh5 44.Qxh5 Kd8 45.e4 Nc4 46.Ka2 b5 47.f5 exf5 48.
Qxf5 bxa4 49.Rc3 Qb4 50.Qg5+ Ke8 51.Qc1 Na5 52.Rg3 Rd8 53.Rg8+ Kd7 54.Bh3+
Kc7 55.Qf4+ Qd6 56.Qxf7+ Kb6 57.Rg7 Qxd4 58.Bf1 Kc5 59.Qe7+ Rd6 60.Qa7+ 
Kb4 61.Qb8+ Kc5 62.Rg5+ 1-0

[Event "Deltalift Open 2014"]
[Site "Tylosand"]
[Date "2014.05.31"]
[Round "7.9"]
[White "Wiander, Michael"]
[Black "Nygren, Kim"]
[Result "0-1"]
[WhiteElo "2204"]
[BlackElo "2209"]

1.d4 f5 2.h3 c5 3.e4 cxd4 4.exf5 Nf6 5.g4 Qb6 6.Bg2 d5 7.Nd2 Nc6 8.a3 g6 
9.fxg6 hxg6 10.Qe2 Bg7 11.Ngf3 Bd7 12.Nb3 O-O 13.O-O Rae8 14.Nh4 e5 15.
Nxg6 Rf7 16.Nh4 e4 17.g5 d3 18.Qd1 dxc2 19.Qxc2 Nh5 20.Be3 d4 21.g6 Rfe7 
22.Bg5 Re5 23.Nd2 d3 24.Qc1 Nd4 25.Be3 Ne2+ 26.Kh1 Nhg3+ 27.Kh2 Nxf1+ 28.
Bxf1 Qd6 29.Qc4+ Kh8 30.Kh1 Rh5 31.Nxe4 Bc6 32.f3 Bxe4 0-1

[Event "Deltalift Open 2014"]
[Site "Tylosand"]
[Date "2014.05.31"]
[Round "7.10"]
[White "Rosell, Tomas"]
[Black "Akesson, Joel"]
[Result "0-1"]
[WhiteElo "2147"]
[BlackElo "2287"]

1.e4 e6 2.d4 d5 3.Nc3 Bb4 4.a3 Bxc3+ 5.bxc3 Ne7 6.Bd3 c5 7.exd5 exd5 8.
dxc5 Qa5 9.Ne2 O-O 10.O-O Qxc5 11.Be3 Qc7 12.Nf4 Nd7 13.Nh5 Nc5 14.Bd4 f6 
15.Ng3 Nxd3 16.Qxd3 Nc6 17.Be3 Be6 18.f4 Rac8 19.Kh1 b6 20.Rab1 Rfd8 21.
Rfd1 Na5 22.Bd4 Qxf4 23.Rf1 Qg4 24.Rf3 Nc6 25.Re1 Re8 26.Kg1 Qg6 27.Qd2 
Nxd4 28.Qxd4 Qxc2 29.Nh5 Bf7 30.Rxe8+ Rxe8 31.Ng3 Qc1+ 32.Rf1 Qe3+ 33.Kh1 
Qxd4 34.cxd4 Bg6 35.Rc1 h5 36.h4 Re3 37.Kh2 Rxa3 38.Rc8+ Kh7 39.Rd8 Ra5 
40.Ne2 Ra2 41.Nf4 Be4 42.Ne6 Rxg2+ 43.Kh3 g5 44.Nxg5+ fxg5 45.Rd7+ Kg6 46.
Rd6+ Kf7 47.Rf6+ Kxf6 48.hxg5+ Rxg5 0-1

[Event "Deltalift Open 2014"]
[Site "Tylosand"]
[Date "2014.05.31"]
[Round "7.12"]
[White "Wallin, Dennis"]
[Black "Madebrink, Lars"]
[Result "1-0"]
[WhiteElo "2122"]
[BlackElo "2191"]

1.Nf3 Nf6 2.c4 g6 3.g3 Bg7 4.Bg2 O-O 5.O-O c6 6.d4 d6 7.Nc3 Nbd7 8.e4 e5 
9.d5 Nc5 10.Qc2 a5 11.Be3 cxd5 12.cxd5 Nfd7 13.Nb5 Qe7 14.Nd2 f5 15.exf5 
gxf5 16.Nc4 f4 17.Bxc5 dxc5 18.d6 Qg5 19.Nc7 f3 20.Bh1 Nf6 21.Nxa8 e4 22.
Rfe1 Ng4 23.Rxe4 Bf5 24.Rxg4 Qxg4 25.Qb3 Be6 26.Nab6 Bd4 27.Ne3 Qe4 28.Qc2
Qc6 29.Nbc4 b5 30.Nxa5 Qxd6 31.Qe4 Bxb2 32.Rd1 Qb6 33.Nc6 Bf7 34.Qxf3 c4 
35.Ne7+ Kh8 36.Qf5 Qh6 37.Qxb5 c3 38.Qe5+ Qg7 39.Qxg7+ Kxg7 40.N7f5+ Kf6 
41.Rd6+ Ke5 42.f4# 1-0

[Event "Deltalift Open 2014"]
[Site "Tylosand"]
[Date "2014.05.31"]
[Round "7.13"]
[White "Haugli, Petter"]
[Black "Nilsson, Patrik  Helsinborgs ASK"]
[Result "1/2-1/2"]
[WhiteElo "2292"]
[BlackElo "2104"]

1.d4 f5 2.Nf3 Nf6 3.g3 g6 4.Bg2 Bg7 5.O-O O-O 6.c4 d6 7.Nc3 Nc6 8.d5 Ne5 
9.Nxe5 dxe5 10.Qb3 Kh8 11.Rd1 h6 12.c5 g5 13.Bd2 f4 14.Ne4 Nxe4 15.Bxe4 
Qe8 16.d6 cxd6 17.cxd6 exd6 18.Bb4 Be6 19.Qd3 Qh5 20.Bxd6 Rg8 21.Rac1 Rad8
22.Rc7 g4 23.Rxb7 a6 24.b3 Bc8 25.Rc7 f3 26.exf3 gxf3 27.Bxf3 Bg4 28.Bxg4 
Qxg4 29.f3 Qe6 30.Kg2 e4 31.fxe4 Rxd6 32.Qxd6 Qxe4+ 33.Kh3 Qf5+ 34.Kg2 
Qe4+ 1/2-1/2

[Event "Deltalift Open 2014"]
[Site "Tylosand"]
[Date "2014.05.31"]
[Round "7.14"]
[White "Mohammadi, Amir"]
[Black "Brzezinski, Adam"]
[Result "1-0"]
[WhiteElo "2220"]
[BlackElo "2149"]

1.e4 e6 2.d3 c5 3.Nc3 Nc6 4.g3 g6 5.Bg2 Bg7 6.Be3 d6 7.Qd2 Rb8 8.Nge2 a6 
9.d4 cxd4 10.Nxd4 Nge7 11.Rd1 Ne5 12.O-O Nc4 13.Qc1 Nxe3 14.Qxe3 O-O 15.
Rd2 Qc7 16.Rfd1 Rd8 17.a4 b6 18.b3 Bb7 19.Bh3 Bc8 20.Bf1 Bb7 21.Bc4 Nc6 
22.Nxe6 1-0

[Event "Deltalift Open 2014"]
[Site "Tylosand"]
[Date "2014.05.31"]
[Round "7.15"]
[White "Reid, Gregor"]
[Black "Fransson, Peter"]
[Result "1/2-1/2"]
[WhiteElo "2135"]
[BlackElo "2237"]

1.Nf3 Nf6 2.g3 g6 3.Bg2 Bg7 4.O-O O-O 5.d3 d6 6.e4 e5 7.h3 Nc6 8.Nc3 h6 9.
Be3 Re8 10.d4 exd4 11.Nxd4 Bd7 12.Nde2 Be6 13.Nd4 Bd7 1/2-1/2

[Event "Deltalift Open 2014"]
[Site "Tylosand"]
[Date "2014.05.31"]
[Round "7.16"]
[White "Holst, Conny"]
[Black "Wahlstrom, Lennart"]
[Result "1-0"]
[WhiteElo "2177"]
[BlackElo "2133"]

1.d4 d5 2.c4 e6 3.Nc3 c5 4.cxd5 exd5 5.Nf3 Nc6 6.g3 Nf6 7.Bg2 Bg4 8.Ne5 
Be6 9.Nxc6 bxc6 10.O-O c4 11.b3 Bb4 12.Bd2 Qa5 13.Qc2 Bxc3 14.Bxc3 Qa6 15.
Bb4 Qb5 16.Bc5 cxb3 17.axb3 Nd7 18.Bd6 a5 19.Rfc1 Ra6 20.e4 Nf6 21.Bf1 1-0

[Event "Deltalift Open 2014"]
[Site "Tylosand"]
[Date "2014.05.31"]
[Round "7.17"]
[White "Lindstrom, Reine"]
[Black "Segerfelt, Louise"]
[Result "1/2-1/2"]
[WhiteElo "1963"]
[BlackElo "1765"]

1.e4 e5 2.Nf3 Nc6 3.d4 exd4 4.Nxd4 Bc5 5.c3 Qf6 6.Be3 Nge7 7.Be2 O-O 8.O-O
Qg6 9.Bf3 Bb6 10.Na3 Nxd4 11.cxd4 d6 12.Nc4 f5 13.exf5 Nxf5 14.Nxb6 axb6 
15.Re1 Kh8 16.Be4 Qf7 17.Bxf5 Bxf5 18.a3 Qg6 19.Qf3 Rae8 20.Rac1 c6 21.Qg3
Qxg3 22.hxg3 d5 23.Bf4 Kg8 24.Bd6 Rxe1+ 25.Rxe1 Rf6 26.Re8+ Kf7 27.Re7+ 
Kg6 28.Be5 Rf7 1/2-1/2

[Event "Harplinge Mini Open 2014"]
[Site "Tylosand"]
[Date "2014.05.31"]
[Round "7.18"]
[White "Forsberg, Fredrik"]
[Black "Jonsson, Jacob"]
[Result "0-1"]
[WhiteElo "1515"]
[BlackElo "1420"]

1.e4 c5 2.c3 Nc6 3.Nf3 e6 4.d4 d5 5.e5 f6 6.Bb5 Bd7 7.Bxc6 Bxc6 8.Be3 Qc7 
9.O-O Be7 10.Bf4 Qd7 11.Re1 f5 12.Nbd2 c4 13.b3 b5 14.a4 cxb3 15.axb5 Bxb5
16.Qxb3 Bd8 17.Rec1 Ne7 18.Ng5 Bc6 19.Bg3 O-O 20.Qc2 a5 21.Nb3 h6 22.Nc5 
Qa7 23.Ngxe6 Rf7 24.Nxd8 Rxd8 25.f4 Ra8 26.Bf2 a4 27.Ra3 Nc8 28.c4 Nb6 29.
cxd5 Bxd5 30.Rca1 Bb3 31.Nxb3 axb3 32.Qxb3 Qc7 33.Rxa8+ Nxa8 34.Rxa8+ Kh7 
35.Qb1 Qc6 36.Ra2 Qc8 37.Rc2 Rb7 38.Rb2 Rc7 39.Be3 Rc3 40.Re2 Rc7 41.d5 
Rb7 42.Rb2 Rc7 43.Rb8 Qd7 44.d6 Rc3 45.Bd2 Ra3 46.Rb7 Qc8 47.Rc7 Qe6 48.
Qb7 Qg6 49.Rxg7+ Qxg7 50.Qxg7+ Kxg7 51.d7 Rd3 52.Bc3 Kf7 53.d8=Q Rxd8 54.
Kf2 Ke6 55.Kg3 Rd3+ 56.Kh4 Rxc3 57.g3 Rc2 58.h3 Rh2 59.g4 fxg4 60.Kxg4 Rc2
61.Kh5 Kf5 62.e6 Kxe6 63.Kxh6 Rh2 64.Kg5 Rxh3 65.f5+ Ke5 0-1

[Event "Deltalift Open 2014"]
[Site "Tylosand"]
[Date "2014.05.31"]
[Round "7.25"]
[White "Blomstrom, Lars"]
[Black "Wallgren, Ulf"]
[Result "1-0"]
[WhiteElo "2155"]
[BlackElo "2084"]
[EventDate "2014.05.29"]

1.e4 e6 2.d4 d5 3.Nc3 Nf6 4.e5 Nfd7 5.f4 c5 6.Nf3 Nc6 7.Be3 Qb6 8.Na4 Qa5+
9.c3 b5 10.Nxc5 Nxc5 11.dxc5 b4 12.a3 bxc3 13.b4 Qc7 14.Nd4 a6 15.Bd3 Bd7 
16.O-O Nxd4 17.Bxd4 g6 18.Qc2 Be7 19.Qxc3 Bb5 20.Rfc1 O-O 21.a4 Bxd3 22.
Qxd3 Rfc8 23.Rab1 Rcb8 24.b5 axb5 25.axb5 Ra4 26.c6 Ra3 27.b6 Rxb6 28.Bxb6
Qxb6+ 29.Rxb6 Rxd3 1-0

[Event "Deltalift Open 2014"]
[Site "Tylosand"]
[Date "2014.05.31"]
[Round "7.31"]
[White "Moerling, Joakim"]
[Black "Johansson, Mikael"]
[Result "1-0"]
[WhiteElo "1899"]
[BlackElo "2095"]
[EventDate "2014.05.29"]

1.d4 Nf6 2.c4 c5 3.d5 b5 4.cxb5 a6 5.bxa6 Bxa6 6.Nc3 d6 7.e4 Bxf1 8.Kxf1 
g6 9.g3 Bg7 10.Kg2 O-O 11.Nf3 Nfd7 12.Qe2 Qb6 13.a4 Na6 14.Bg5 Rfe8 15.Nb5
h6 16.Bf4 Nb4 17.Nd2 Qb7 18.Nc4 Nb6 19.Nxb6 Qxb6 20.Ra3 e5 21.Be3 f5 22.f3
Ra6 23.Qc4 Rc8 24.Bd2 Qd8 25.Rc1 Raa8 26.Raa1 Na6 27.b3 Kh7 28.Qd3 Qf6 29.
Na3 Rcb8 30.Rab1 Nb4 31.Bxb4 Rxb4 32.Nb5 h5 33.Rc4 Rxc4 34.Qxc4 f4 35.Nc7 
Rg8 36.Qb5 g5 37.Qd7 g4 38.fxg4 f3+ 39.Kf2 hxg4 40.Qxg4 Qh6 41.Qh4 1-0

[Event "Deltalift Open 2014"]
[Site "Tylosand"]
[Date "2014.05.31"]
[Round "7.41"]
[White "Olsson, Tomas"]
[Black "Stray, Gunnar"]
[Result "1/2-1/2"]
[WhiteElo "1879"]
[BlackElo "2069"]
[EventDate "2014.05.29"]

1.e4 c5 2.Nf3 e6 3.d4 cxd4 4.Nxd4 Bc5 5.Nb3 Bb6 6.Nc3 Ne7 7.Bf4 d5 8.exd5 
exd5 9.Nb5 O-O 10.Be2 Nf5 11.O-O a6 12.N5d4 Nc6 13.c3 Qf6 14.Nxf5 Qxf5 15.
Bg3 Be6 16.Bd3 Qg5 17.Kh1 Bf5 18.Qc2 Bxd3 1/2-1/2

[Event "Deltalift Open 2014"]
[Site "Tylosand"]
[Date "2014.05.31"]
[Round "7.43"]
[White "Berglind, Axel"]
[Black "Hansen, Anders"]
[Result "1-0"]
[WhiteElo "1906"]
[BlackElo "1736"]
[EventDate "2014.05.29"]

1.c4 c5 2.Nc3 Nc6 3.g3 e6 4.Bg2 Qc7 5.e3 a6 6.Nge2 Nf6 7.O-O b6 8.d4 cxd4 
9.exd4 Bb7 10.d5 Nd8 11.Qd3 Bd6 12.Bg5 h5 13.Bxf6 gxf6 14.h4 Rc8 15.b3 Ke7
16.Rad1 Ba8 17.Ne4 Nb7 18.N2c3 Nc5 19.Qd4 Nxe4 20.Nxe4 e5 21.Qe3 Rcg8 22.
b4 Qxc4 23.Qxb6 Qxb4 24.Rb1 Qxb6 25.Rxb6 Bc7 26.d6+ 1-0